[Event "Championnat de France des Jeunes - Pupi"]
[Site "LA ROCHE SUR YON"]
[Date "2008.04.20"]
[Round "1.9"]
[White "Gelas, Christophe"]
[Black "Herrmann, Philippe"]
[Result "1-0"]
[WhiteElo "1813"]
[BlackElo "1570"]
[Annotator "Salaun,Michel"]
[PlyCount "79"]
[EventDate "2008.04.24"]
[EventType "swiss"]
[EventRounds "6"]
[EventCountry "FRA"]

1. d4 d5 2. c4 e6 3. Nc3 Nf6 4. Bg5 Be7 5. e3 h6 6. Bh4 O-O 7. Nf3 c6 8. Bd3
Nbd7 9. O-O Nh7 10. Bg3 Ng5 11. Nd2 Nf6 12. Qc2 Re8 13. Rac1 dxc4 14. Nxc4 Ngh7
15. Ne5 Nf8 16. Rfd1 Nd5 17. a3 Nxc3 18. Qxc3 Nd7 19. Nc4 Nb6 20. e4 Nxc4 21.
Bxc4 Bf6 22. e5 Bh4 23. b4 Bxg3 24. hxg3 Bd7 25. Bd3 Rc8 26. Be4 Rb8 27. Qc5 a6
28. Rd2 Qe7 29. f4 Qxc5 30. dxc5 Bc8 31. Rcd1 Kf8 32. a4 Re7 33. Kf2 Rc7 34.
Rd8+ Ke7 35. Rg8 g6 36. Rdd8 f6 37. Rge8+ Kf7 38. Rf8+ Kg7 39. Rg8+ Kf7 40.
Bxg6+ 1-0

[Event "Championnat de France des Jeunes - Pupi"]
[Site "LA ROCHE SUR YON"]
[Date "2008.04.21"]
[Round "2.7"]
[White "Mirete, Rita"]
[Black "Massard, Aurelie"]
[Result "1-0"]
[WhiteElo "1430"]
[BlackElo "1630"]
[Annotator "Salaun,Michel"]
[PlyCount "135"]
[EventDate "2008.04.24"]
[EventType "swiss"]
[EventRounds "6"]
[EventCountry "FRA"]

1. e4 d5 2. exd5 Nf6 3. Nf3 Bg4 4. Bc4 Nxd5 5. Bxd5 Qxd5 6. Nc3 Qf5 7. d3 Nc6
8. Qe2 O-O-O 9. Qe3 Bxf3 10. Qxf3 Qxf3 11. gxf3 Nd4 12. Kd1 Nxf3 13. Be3 a6 14.
h4 e6 15. Ke2 Nd4+ 16. Bxd4 Rxd4 17. Rae1 Be7 18. h5 Rh4 19. Rxh4 Bxh4 20. Rh1
Bg5 21. Rg1 h6 22. Ne4 f6 23. Nc5 e5 24. c3 b6 25. Nxa6 c5 26. b4 Kb7 27. b5 f5
28. Kf3 Rd8 29. Ke2 e4 30. dxe4 Rd2+ 31. Kf3 fxe4+ 32. Kxe4 Rxf2 33. Rd1 Rf4+
34. Ke5 Rf7 35. Ke6 Re7+ 36. Kf5 Bf6 37. c4 Bd4 38. Kg6 Re5 39. Rf1 Rg5+ 40.
Kh7 Bf6 41. Rh1 Rg4 42. Rc1 Rh4 43. Rd1 Rd4 44. Re1 {(=)} Rxc4 45. Re8 Ra4 46.
Rb8+ Ka7 47. Rf8 c4 48. Rf7+ Ka8 49. Nc7+ Kb8 50. Nd5 Bd4 51. Rf3 Rxa2 52. Kg6
Rb2 53. Nc3 Rb3 54. Rf8+ Kb7 55. Rf7+ Kc8 56. Ne2 Bf6 57. Kf5 Rxb5+ 58. Ke6
Re5+ 59. Kd6 Rxe2 60. Rc7+ Kb8 61. Rxc4 Rd2+ 62. Kc6 Rd4 63. Rc1 Rh4 64. Kxb6
Rxh5 65. Re1 Re5 66. Rd1 h5 67. Rd7 Re7 68. Rd8# 1-0

[Event "Championnat de France des Jeunes - Pupi"]
[Site "LA ROCHE SUR YON"]
[Date "2008.04.21"]
[Round "2.8"]
[White "Savalle, Mathilde"]
[Black "Shashkina, Olga"]
[Result "1-0"]
[WhiteElo "1620"]
[BlackElo "1430"]
[Annotator "Salaun,Michel"]
[PlyCount "75"]
[EventDate "2008.04.24"]
[EventType "swiss"]
[EventRounds "6"]
[EventCountry "FRA"]

1. e4 e5 2. Nf3 Nc6 3. d4 exd4 4. Nxd4 Nf6 5. Nxc6 bxc6 6. e5 Nd5 7. Qf3 Be7 8.
Bc4 O-O 9. Bxd5 cxd5 10. Qxd5 c6 11. Qd3 Qa5+ 12. c3 Qxe5+ 13. Be3 Rb8 14. b3
Rb6 15. Nd2 d5 16. O-O Ba6 17. c4 dxc4 18. Nxc4 Bxc4 19. Qxc4 Bd6 20. g3 c5 21.
Rfe1 Rb4 22. Qc2 h5 23. Bd2 Qd5 24. Bxb4 cxb4 25. Rad1 Qb7 26. Rxd6 Rc8 27. Qf5
Qc7 28. Rd7 Qxd7 29. Qxd7 Rf8 30. Re5 g6 31. g4 h4 32. g5 h3 33. Qxh3 Rd8 34.
Re4 Rd1+ 35. Kg2 Rd8 36. Qh6 Rf8 37. Rh4 f6 38. Qh7# 1-0

[Event "Championnat de France des Jeunes - Pupi"]
[Site "LA ROCHE SUR YON"]
[Date "2008.04.21"]
[Round "2.6"]
[White "Dol, Cecile"]
[Black "Tamburro, Clemence"]
[Result "1/2-1/2"]
[WhiteElo "1630"]
[BlackElo "1440"]
[Annotator "Salaun,Michel"]
[PlyCount "63"]
[EventDate "2008.04.24"]
[EventType "swiss"]
[EventRounds "6"]
[EventCountry "FRA"]

1. e4 c5 2. Nf3 d6 3. c3 Nc6 4. d4 cxd4 5. cxd4 g6 6. Nc3 Nf6 7. Bb5 Bg7 8. O-O
O-O 9. Bg5 Qb6 10. Re1 a6 11. d5 axb5 12. dxc6 bxc6 13. a3 Rd8 14. h3 Be6 15.
Rc1 d5 16. e5 Ne4 17. Nxe4 dxe4 18. Nd2 Rd7 19. Rxe4 Rad8 20. Re3 Rxd2 21. Qf3
R8d5 22. Rec3 Rxb2 23. Rxc6 Qa7 24. Rc7 Qa4 25. Bxe7 Rbd2 26. Bf6 Rd1+ 27. Rxd1
Rxd1+ 28. Kh2 Rd5 29. Bxg7 Kxg7 30. Qf6+ Kg8 31. Re7 Qa8 32. Qf3 1/2-1/2

[Event "Championnat de France des Jeunes - Pupi"]
[Site "LA ROCHE SUR YON"]
[Date "2008.04.21"]
[Round "2.9"]
[White "Kambrath, Linda"]
[Black "Laric, Emilie"]
[Result "1-0"]
[WhiteElo "1570"]
[BlackElo "1410"]
[Annotator "Salaun,Michel"]
[PlyCount "53"]
[EventDate "2008.04.24"]
[EventType "swiss"]
[EventRounds "6"]
[EventCountry "FRA"]

1. e4 c5 2. Nf3 d6 3. c3 Bg4 4. d4 cxd4 5. cxd4 Nf6 6. Nc3 a6 7. Be2 Nbd7 8.
Qb3 Bxf3 9. Bxf3 Nb6 10. Be3 Rc8 11. Rd1 Qc7 12. e5 Nfd7 13. exd6 exd6 14. Bg4
Nc4 15. O-O Be7 16. Nd5 Qd8 17. Qxb7 Rb8 18. Bxd7+ Kf8 19. Qc6 Nb6 20. Nxb6
Rxb6 21. Qa4 Rb7 22. Bh3 Qb6 23. Rc1 Bd8 24. Rfe1 h6 25. Bg5 g6 26. Bxd8 Qxd8
27. Rc8 1-0

[Event "Championnat de France des Jeunes - Pupi"]
[Site "LA ROCHE SUR YON"]
[Date "2008.04.21"]
[Round "2.10"]
[White "Loiselet, Astrid"]
[Black "Nourani, Maral"]
[Result "1-0"]
[WhiteElo "1410"]
[BlackElo "1560"]
[Annotator "Salaun,Michel"]
[PlyCount "53"]
[EventDate "2008.04.24"]
[EventType "swiss"]
[EventRounds "6"]
[EventCountry "FRA"]

1. e4 c5 2. Nc3 Nc6 3. Nf3 e6 4. Bb5 d5 5. d4 a6 6. Bxc6+ bxc6 7. Bf4 Bb7 8.
Qd2 Nf6 9. O-O-O Be7 10. Rhe1 O-O 11. e5 cxd4 12. Nxd4 Ne4 13. Nxe4 dxe4 14.
Re3 Qb6 15. Rg3 g6 16. Rh3 c5 17. Nb3 Rfd8 18. Qe3 Rxd1+ 19. Kxd1 Rd8+ 20. Kc1
Qb5 21. Nd2 a5 22. Bg5 Bxg5 23. Qxg5 Qd7 24. Qh6 c4 25. Qxh7+ Kf8 26. Qh8+ Ke7
27. Qf6+ 1-0

[Event "Championnat de France des Jeunes - Pupi"]
[Site "LA ROCHE SUR YON"]
[Date "2008.04.21"]
[Round "2.7"]
[White "Bole, Oscar"]
[Black "Gelas, Christophe"]
[Result "0-1"]
[WhiteElo "1640"]
[BlackElo "1813"]
[Annotator "Salaun,Michel"]
[PlyCount "114"]
[EventDate "2008.04.24"]
[EventType "swiss"]
[EventRounds "6"]
[EventCountry "FRA"]

1. d4 Nf6 2. c4 c5 3. Nc3 cxd4 4. Qxd4 Nc6 5. Qd1 d6 6. Nf3 g6 7. Bg5 Bg7 8. e3
O-O 9. Bd3 Bg4 10. h3 Bxf3 11. Qxf3 Qa5 12. Bh4 Nd7 13. Kd2 Nde5 14. Qd5 Qb4
15. Qb5 Nxd3 16. Kxd3 Qc5 17. Qxc5 dxc5 18. Na4 b6 19. Rhd1 Rfd8+ 20. Kc2 h6
21. a3 g5 22. Bg3 Rac8 23. Nc3 Bxc3 24. Kxc3 f5 25. f4 Kf7 26. h4 g4 27. Kb3
Na5+ 28. Kc3 Nb7 29. Kb3 Nd6 30. Rd5 e6 31. Rdd1 Ne4 32. Be1 Kg6 33. Ka4 Kh5
34. Kb5 Nd6+ 35. Ka6 Nxc4 36. Kxa7 Nxe3 37. Rxd8 Rxd8 38. g3 Nc2 39. Rc1 Nxe1
40. Rxe1 Rd3 41. Kxb6 Rxg3 42. a4 Rb3+ 43. Kxc5 Rxb2 44. a5 Kxh4 45. a6 Ra2 46.
Rxe6 g3 47. Kb6 Kg4 48. a7 Kxf4 49. Re8 Rxa7 50. Kxa7 g2 51. Rg8 Kf3 52. Rf8
g1=Q+ 53. Kb7 Qg7+ 54. Kc6 Qxf8 55. Kd5 Qe7 56. Kd4 Qd6+ 57. Kc4 Ke4 0-1

[Event "Championnat de France des Jeunes - Pupi"]
[Site "LA ROCHE SUR YON"]
[Date "2008.04.21"]
[Round "2.10"]
[White "Jeannesson, Etienne"]
[Black "Bruez, Cyriaque"]
[Result "0-1"]
[WhiteElo "1810"]
[BlackElo "1627"]
[Annotator "Salaun,Michel"]
[PlyCount "130"]
[EventDate "2008.04.24"]
[EventType "swiss"]
[EventRounds "6"]
[EventCountry "FRA"]

1. e4 c5 2. Nc3 e6 3. g3 d5 4. exd5 exd5 5. d4 Nf6 6. Bg2 Be6 7. Bg5 cxd4 8.
Qxd4 Nc6 9. Qd3 Bb4 10. a3 Bxc3+ 11. Qxc3 O-O 12. Bxf6 Qxf6 13. Qxf6 gxf6 14.
Ne2 Rfe8 15. O-O Bh3 16. Bxh3 Rxe2 17. Rac1 Rae8 18. Bf5 Ne5 19. Bd3 Nf3+ 20.
Kh1 R2e5 21. Rfd1 f5 22. Bf1 b6 23. Bg2 Re1+ 24. Rxe1 Rxe1+ 25. Rxe1 Nxe1 26.
Bxd5 Nxc2 27. Bc4 Kf8 28. f4 Ke7 29. Bd3 Nd4 30. Kg2 Kd6 31. Kf2 Kd5 32. Ke3 h6
33. Bb1 Kc4 34. Bd3+ Kd5 35. h3 f6 36. g4 fxg4 37. hxg4 Ne6 38. b3 Nc5 39. Bc4+
Kd6 40. b4 Ne6 41. Bxe6 Kxe6 42. Ke4 b5 43. Kd4 f5 44. g5 hxg5 45. fxg5 Kf7 46.
Kc5 f4 47. Kxb5 f3 48. Ka6 f2 49. Kxa7 f1=Q 50. Kb6 Qa1 51. b5 Qxa3 52. Kb7
Qe7+ 53. Ka6 Qc7 54. b6 Qb8 55. g6+ Kxg6 56. b7 Kf6 57. Kb6 Ke7 58. Kc6 Kd8 59.
Kb6 Kd7 60. Ka6 Kc6 61. Ka5 Qxb7 62. Ka4 Kc5 63. Ka3 Kc4 64. Ka2 Kc3 65. Ka3
Qa7# 0-1

[Event "Championnat de France des Jeunes - Pupi"]
[Site "LA ROCHE SUR YON"]
[Date "2008.04.21"]
[Round "2.8"]
[White "Gautier, Clement"]
[Black "Pruvot, Louis"]
[Result "1-0"]
[WhiteElo "1811"]
[BlackElo "1630"]
[Annotator "Salaun,Michel"]
[PlyCount "127"]
[EventDate "2008.04.24"]
[EventType "swiss"]
[EventRounds "6"]
[EventCountry "FRA"]

1. e4 e5 2. Nf3 Nc6 3. Bb5 a6 4. Bxc6 dxc6 5. O-O Bg4 6. h3 h5 7. d3 Qf6 8.
Nbd2 Bc5 9. Re1 Ne7 10. Qe2 Ng6 11. Nf1 Bxf3 12. Qxf3 Qxf3 13. gxf3 Nf4 14.
Bxf4 exf4 15. c3 O-O-O 16. d4 Bb6 17. e5 c5 18. dxc5 Bxc5 19. b4 Bb6 20. Rac1
Rhe8 21. Re4 g5 22. Kg2 c6 23. Rce1 Re7 24. e6 f6 25. R1e2 Bc7 26. Nd2 f5 27.
Rc4 Rd6 28. Rc5 Rdxe6 29. Rxe6 Rxe6 30. Rxf5 Re2 31. Ne4 Rxa2 32. Rxg5 a5 33.
Rxh5 a4 34. Rh8+ Bd8 35. Nd6+ Kd7 36. Nxb7 Bb6 37. Nc5+ Bxc5 38. bxc5 Ke6 39.
Rb8 a3 40. h4 Rb2 41. Ra8 a2 42. Ra7 Kf6 43. Kh3 Rxf2 44. Kg4 Ke5 45. h5 Kd5
46. Kxf4 Rh2 47. Kg3 Rxh5 48. Rxa2 Kc4 49. Kg4 Rxc5 50. Ra3 Kd3 51. f4 Rc4 52.
Kg5 Rc5+ 53. Kg6 Rxc3 54. Rxc3+ Kxc3 55. f5 c5 56. f6 c4 57. f7 Kb2 58. f8=Q c3
59. Qb4+ Kc2 60. Kf5 Kd2 61. Qd4+ Kc2 62. Ke4 Kb2 63. Kd3 Kb1 64. Kxc3 1-0

[Event "Championnat de France des Jeunes - Pupi"]
[Site "LA ROCHE SUR YON"]
[Date "2008.04.21"]
[Round "2.6"]
[White "Damour, Theo"]
[Black "Sarafian, Thomas"]
[Result "0-1"]
[WhiteElo "1642"]
[BlackElo "1830"]
[Annotator "Salaun,Michel"]
[PlyCount "104"]
[EventDate "2008.04.24"]
[EventType "swiss"]
[EventRounds "6"]
[EventCountry "FRA"]

1. e4 c5 2. Nf3 Nc6 3. d4 cxd4 4. Nxd4 Qb6 5. Nxc6 bxc6 6. b3 Nf6 7. Qf3 Qd4 8.
c3 Qxe4+ 9. Qxe4 Nxe4 10. Bd3 Nf6 11. Bf4 g6 12. Bd2 Bg7 13. Na3 Nd5 14. Rc1
O-O 15. O-O a5 16. Be4 Ba6 17. Rfe1 Nb6 18. Be3 Rab8 19. Bf3 {(=)} Bf6 20. Bxb6
Rxb6 21. Be2 Bxe2 22. Rxe2 {(=)} d5 23. c4 Ra8 24. cxd5 cxd5 25. Rd1 e6 26. Rc2
a4 27. bxa4 Rxa4 28. Nb1 Bb2 29. a3 Bxa3 30. Ra2 Rba6 31. Nc3 R4a5 32. Rda1 Bb4
33. Rxa5 Rxa5 34. Rxa5 Bxa5 35. Nd1 d4 36. Kf1 e5 37. Ke2 f5 38. f3 Kf7 39. Nf2
Ke6 40. g4 Kd5 41. Kd3 Be1 42. Nh3 e4+ 43. fxe4+ fxe4+ 44. Ke2 Bh4 45. Nf4+ Ke5
46. Ng2 d3+ 47. Kd2 Bg5+ 48. Kd1 Kd4 49. h4 Bd8 50. h5 e3 51. Nf4 Ke4 52. Ne6
e2+ 0-1

[Event "Championnat de France des Jeunes - Pupi"]
[Site "LA ROCHE SUR YON"]
[Date "2008.04.21"]
[Round "2.9"]
[White "Bernhard, Simon"]
[Black "Balagny-Carbuccia, Nicolas"]
[Result "0-1"]
[WhiteElo "1630"]
[BlackElo "1810"]
[Annotator "Salaun,Michel"]
[PlyCount "70"]
[EventDate "2008.04.24"]
[EventType "swiss"]
[EventRounds "6"]
[EventCountry "FRA"]

1. e4 c5 2. Nf3 e6 3. c3 Nf6 4. e5 Nd5 5. d4 cxd4 6. cxd4 Nc6 7. Nc3 Nxc3 8.
bxc3 d6 9. Bb5 Bd7 10. exd6 Qa5 11. Qb3 Bxd6 12. Bd2 a6 13. Bd3 Qc7 14. O-O O-O
15. Qc2 h6 16. Rab1 b5 17. Kh1 Na5 18. Rbe1 Rac8 19. Rg1 Nc4 20. Bxc4 Qxc4 21.
Qc1 Kh7 22. Ne5 Bxe5 23. Rxe5 f5 24. Re3 Qxa2 25. Rh3 Rf6 26. Re1 b4 27. Bf4 b3
28. Be5 Rg6 29. Qb1 Qxb1 30. Rxb1 Bc6 31. f3 Bd5 32. Kg1 Rxc3 33. Kf1 Bc4+ 34.
Kg1 Bd3 35. Rd1 b2 0-1

[Event "Championnat de France des Jeunes - Pupi"]
[Site "LA ROCHE SUR YON"]
[Date "2008.04.21"]
[Round "3.9"]
[White "Gaguech, Elisa"]
[Black "Dol, Cecile"]
[Result "0-1"]
[WhiteElo "1490"]
[BlackElo "1630"]
[Annotator "Salaun,Michel"]
[PlyCount "151"]
[EventDate "2008.04.24"]
[EventType "swiss"]
[EventRounds "6"]
[EventCountry "FRA"]

1. e4 e6 2. d4 d5 3. e5 c5 4. c3 Nc6 5. Nf3 Qb6 6. Be2 cxd4 7. cxd4 Bb4+ 8. Bd2
Bxd2+ 9. Qxd2 h6 10. Nc3 Nge7 11. O-O Nf5 12. Bb5 Bd7 13. a4 Nfxd4 14. Nxd4
Qxd4 15. Qxd4 Nxd4 16. Bxd7+ Kxd7 17. Rad1 Nc6 18. Rfe1 Rac8 19. Nb5 a6 20. Nd6
Rcf8 21. Nxb7 Rb8 22. Nc5+ Ke7 23. Nxa6 Rxb2 24. Rb1 Rxb1 25. Rxb1 Rd8 26. Kf1
Nxe5 27. Nc5 Rc8 28. Nb7 Rb8 29. Rb5 Nc6 30. Na5 Rc8 31. Rb7+ Ke8 32. Nxc6 Rxc6
33. Ra7 Kd8 34. a5 Rc7 35. Ra6 Kc8 36. Rb6 Rb7 37. Ra6 Kb8 38. Rd6 Ra7 39. Rd8+
Kc7 40. Rg8 g6 41. Rg7 Kc6 42. Ke2 Kb5 43. Kd3 Kxa5 44. Ke3 Kb4 45. Rg8 Ra3+
46. Kd4 Ra4 47. Rb8+ Ka3+ 48. Kd3 Rb4 49. Rf8 Rb3+ 50. Kc2 Rb2+ 51. Kc3 Rb3+
52. Kd4 Rb4+ 53. Ke3 Re4+ 54. Kf3 f5 55. Rf6 d4 56. Rf8 Kb3 57. h3 Kc2 58. Rc8+
Kd2 59. g4 d3 60. Ra8 Rc4 61. Ra2+ Rc2 62. Ra1 Rc1 63. Ra2+ Rc2 64. Ra1 fxg4+
65. hxg4 h5 66. gxh5 gxh5 67. Rh1 Rc5 68. Rh2 Kc2 69. Ke3 d2 70. f4 Rd5 71. Ke4
Rd3 72. Re2 Kc1 73. Kxd3 d1=Q+ 74. Ke3 Qb3+ 75. Kf2 Qb6+ 76. Re3 0-1

[Event "Championnat de France des Jeunes - Pupi"]
[Site "LA ROCHE SUR YON"]
[Date "2008.04.21"]
[Round "3.7"]
[White "Legrand, Claire"]
[Black "Marechal, Marie"]
[Result "1-0"]
[WhiteElo "1530"]
[BlackElo "1400"]
[Annotator "Salaun,Michel"]
[PlyCount "97"]
[EventDate "2008.04.24"]
[EventType "swiss"]
[EventRounds "6"]
[EventCountry "FRA"]

1. e4 e6 2. d3 d5 3. Nd2 dxe4 4. dxe4 Nc6 5. Ngf3 e5 6. Bb5 Bd7 7. Bxc6 Bxc6 8.
Nxe5 Qd4 9. Nxc6 bxc6 10. O-O Bd6 11. Nf3 Qxd1 12. Rxd1 Ne7 13. a3 O-O 14. c4
Ng6 15. Be3 Rfe8 16. c5 Be5 17. Nxe5 Rxe5 18. f3 Nh4 19. Bf4 Rxc5 20. Rac1 Rb5
21. b4 a5 22. bxa5 Rbxa5 23. Bxc7 Rxa3 24. Rd8+ Rxd8 25. Bxd8 Ra6 26. Bxh4 f6
27. Be1 Kf7 28. Rd1 c5 29. Rc1 Rc6 30. Kf2 c4 31. Ke3 g5 32. Kd4 Rd6+ 33. Kc5
Ke6 34. Rxc4 h5 35. Rd4 Rxd4 36. Kxd4 h4 37. h3 f5 38. e5 f4 39. Ke4 Ke7 40.
Kf5 g4 41. Bxh4+ Kf7 42. hxg4 Kg8 43. e6 Kg7 44. e7 Kf7 45. g5 Kg7 46. e8=Q Kh7
47. g6+ Kg7 48. Qf7+ Kh6 49. Qh7# 1-0

[Event "Championnat de France des Jeunes - Pupi"]
[Site "LA ROCHE SUR YON"]
[Date "2008.04.21"]
[Round "3.6"]
[White "Loiselet, Astrid"]
[Black "Kambrath, Linda"]
[Result "1-0"]
[WhiteElo "1410"]
[BlackElo "1570"]
[Annotator "Salaun,Michel"]
[PlyCount "92"]
[EventDate "2008.04.24"]
[EventType "swiss"]
[EventRounds "6"]
[EventCountry "FRA"]

1. e4 e5 2. Nf3 Nc6 3. Bb5 d6 4. d4 exd4 5. Nxd4 Bd7 6. Nf3 Nf6 7. Bg5 Be7 8.
Nc3 a6 9. Ba4 Ng4 10. Bxe7 Qxe7 11. Qe2 Nf6 12. h3 h6 13. Nd5 Nxd5 14. exd5
Qxe2+ 15. Kxe2 Ne5 16. Bxd7+ Nxd7 17. Rhe1 O-O-O 18. Kf1 Rhe8 19. Rxe8 Rxe8 20.
Re1 Rxe1+ 21. Kxe1 Nb6 22. Kd2 Nxd5 23. c4 Nf4 24. Ne1 Kd7 25. Ke3 g5 26. g3
Nxh3 27. Kf3 f5 28. Nd3 Ke6 29. Kg2 g4 30. f3 Ng5 31. fxg4 fxg4 32. Nf4+ Ke5
33. Nd5 Ne6 34. Ne3 h5 35. Kf2 c6 36. Nc2 b5 37. cxb5 axb5 38. Na3 Nd4 39. Ke3
c5 40. b3 d5 41. Kd3 h4 42. gxh4 Kf4 43. h5 g3 44. h6 g2 45. h7 g1=Q 46. h8=Q
Qe3# 1-0

[Event "Championnat de France des Jeunes - Pupi"]
[Site "LA ROCHE SUR YON"]
[Date "2008.04.21"]
[Round "3.8"]
[White "Tamburro, Clemence"]
[Black "Navrotescu, Andreea-Cristiana"]
[Result "0-1"]
[WhiteElo "1440"]
[BlackElo "1723"]
[Annotator "Salaun,Michel"]
[PlyCount "56"]
[EventDate "2008.04.24"]
[EventType "swiss"]
[EventRounds "6"]
[EventCountry "FRA"]

1. e4 c5 2. Nf3 d6 3. c3 g6 4. Be2 Bg7 5. O-O e6 6. d4 cxd4 7. cxd4 Ne7 8. Nc3
O-O 9. Qc2 Nbc6 10. Rd1 d5 11. e5 Nf5 12. g4 Nfe7 13. h4 f6 14. Bf4 fxe5 15.
Bxe5 Nxe5 16. dxe5 Qc7 17. h5 Bxe5 18. Ng5 Rf6 19. Rd3 {(=)} d4 20. Rh3 dxc3
21. bxc3 Bf4 22. Ne4 Rf7 23. hxg6 Nxg6 24. Ng3 Bxg3 25. fxg3 Qc5+ 26. Kh1 Bd7
27. Bd3 Bc6+ 28. Kh2 Rf2+ 0-1

[Event "Championnat de France des Jeunes - Pupi"]
[Site "LA ROCHE SUR YON"]
[Date "2008.04.21"]
[Round "3.9"]
[White "Balagny-Carbuccia, Nicolas"]
[Black "Rouffignac, Tanguy"]
[Result "1-0"]
[WhiteElo "1810"]
[BlackElo "1626"]
[Annotator "Salaun,Michel"]
[PlyCount "131"]
[EventDate "2008.04.24"]
[EventType "swiss"]
[EventRounds "6"]
[EventCountry "FRA"]

1. e4 e5 2. Nf3 Nc6 3. Bc4 Bc5 4. Nc3 d6 5. h3 Nf6 6. O-O Be6 7. Bb3 O-O 8. d3
h6 9. Qe2 Re8 10. Be3 Bxe3 11. Qxe3 d5 12. Qe2 Nd4 13. Qd1 Nxb3 14. axb3 d4 15.
Ne2 Nd7 16. Ng3 c5 17. Nd2 Nf8 18. f4 Qh4 19. Qf3 exf4 20. Qxf4 Qxf4 21. Rxf4
Ng6 22. Rf2 Ne5 23. Nc4 f6 24. Nf5 Nxc4 25. bxc4 a6 26. Ra5 b6 27. Ra1 h5 28.
Ra3 g6 29. Nh4 Kg7 30. Rf3 Bd7 31. Rf1 a5 32. Kh2 Reb8 33. Rf4 b5 34. cxb5 Rxb5
35. b3 Rb6 36. g4 hxg4 37. hxg4 a4 38. Kg3 Raa6 39. bxa4 Rxa4 40. Rxa4 Bxa4 41.
Rf2 Rb2 42. Ng2 Rxc2 43. Rxc2 Bxc2 44. Ne1 Bb3 45. Ng2 c4 46. Nf4 c3 47. Ne2
Bd1 48. Nxd4 c2 49. Nb3 Kf7 50. Kf4 Ke6 51. g5 Bh5 52. Nd4+ Kd6 53. Nxc2 fxg5+
54. Kxg5 Bf3 55. Kf4 Bh1 56. d4 Ke6 57. d5+ Kd6 58. Ne3 Kd7 59. Ng4 Kd6 60. Nf6
g5+ 61. Kf5 Bf3 62. e5+ Ke7 63. Kxg5 Be2 64. d6+ Kd8 65. e6 Bc4 66. e7+ 1-0

[Event "Championnat de France des Jeunes - Pupi"]
[Site "LA ROCHE SUR YON"]
[Date "2008.04.21"]
[Round "3.8"]
[White "Bellahcene, Rayane"]
[Black "Gautier, Clement"]
[Result "1-0"]
[WhiteElo "1660"]
[BlackElo "1811"]
[Annotator "Salaun,Michel"]
[PlyCount "119"]
[EventDate "2008.04.24"]
[EventType "swiss"]
[EventRounds "6"]
[EventCountry "FRA"]

1. c4 e6 2. Nc3 Nf6 3. g3 d5 4. cxd5 exd5 5. d4 c5 6. Nf3 Nc6 7. Bg5 c4 8. Bxf6
gxf6 9. Bg2 Qa5 10. Qa4 Qxa4 11. Nxa4 Bg4 12. Nc3 O-O-O 13. O-O-O Bh6+ 14. Kb1
Bf5+ 15. e4 Bxe4+ 16. Nxe4 dxe4 17. Nh4 e3 18. fxe3 Bxe3 19. Nf5 Rhe8 20. Rhe1
Bg5 21. Rxe8 Rxe8 22. Nd6+ Kd7 23. Nxe8 Kxe8 24. Bxc6+ bxc6 25. Kc2 Ke7 26. Kc3
f5 27. Kxc4 f4 28. gxf4 Bxf4 29. h3 Bd6 30. b4 f5 31. b5 cxb5+ 32. Kxb5 Bc7 33.
Kc6 Bb6 34. d5 f4 35. d6+ Ke6 36. d7 f3 37. d8=Q Bxd8 38. Rxd8 Ke5 39. Kc5 Ke4
40. Kb5 f2 41. Rf8 Ke3 42. Ka6 Ke2 43. Kxa7 f1=Q 44. Rxf1 Kxf1 45. a4 Kg2 46.
a5 Kxh3 47. a6 h5 48. Kb6 h4 49. a7 Kh2 50. a8=Q h3 51. Kc5 Kg1 {(=)} 52. Qg8+
Kh1 53. Kd4 h2 54. Qa8+ Kg1 55. Qa1+ Kg2 56. Qb2+ Kg1 57. Qc1+ Kg2 58. Qd2+ Kg1
59. Ke3 h1=N 60. Kf3 1-0

[Event "Championnat de France des Jeunes - Pupi"]
[Site "LA ROCHE SUR YON"]
[Date "2008.04.21"]
[Round "3.10"]
[White "Bruez, Cyriaque"]
[Black "Viennot, Dylan"]
[Result "0-1"]
[WhiteElo "1627"]
[BlackElo "1774"]
[Annotator "Salaun,Michel"]
[PlyCount "86"]
[EventDate "2008.04.24"]
[EventType "swiss"]
[EventRounds "6"]
[EventCountry "FRA"]

1. e4 c5 2. Nf3 Nc6 3. Nc3 e5 4. Bc4 Be7 5. b3 Nf6 6. Bb2 d6 7. h3 Rb8 8. O-O
O-O 9. Re1 Na5 10. Bd5 b5 11. a4 b4 12. Nb5 Nxd5 13. exd5 Rb7 14. Qe2 f6 15.
Ra2 a6 16. Rea1 Qb6 17. g4 Bd7 18. Qe1 axb5 19. axb5 Ra7 20. c4 bxc3 21. dxc3
Rfa8 22. Ra3 Bxb5 23. c4 Bd7 24. Nd2 Nb7 25. Rxa7 Rxa7 26. f3 Rxa1 27. Qxa1 Qa5
28. Qxa5 Nxa5 29. Bc3 Nb7 30. h4 f5 31. g5 h6 32. gxh6 gxh6 33. f4 e4 34. Nf1
Bxh4 35. Kg2 Kf7 36. Kh3 Bf6 37. Bxf6 Kxf6 38. Kh4 Na5 39. Kh5 Nxb3 40. Kxh6
Be8 41. Ne3 Bg6 42. Nc2 Na5 43. Na3 e3 0-1

[Event "Championnat de France des Jeunes - Pupi"]
[Site "LA ROCHE SUR YON"]
[Date "2008.04.21"]
[Round "3.10"]
[White "Bertrand, Meryl"]
[Black "Kancel, Sarah"]
[Result "1-0"]
[WhiteElo "1610"]
[BlackElo "1530"]
[Annotator "Salaun,Michel"]
[PlyCount "81"]
[EventDate "2008.04.24"]
[EventType "swiss"]
[EventRounds "6"]
[EventCountry "FRA"]

1. e4 e5 2. Nf3 Nc6 3. Bc4 Bc5 4. Nc3 Nf6 5. d3 d6 6. Bg5 Be6 7. Ne2 O-O 8. c3
Bxc4 9. dxc4 Qe7 10. Ng3 Qe6 11. b3 Ng4 12. O-O Ne7 13. Nh4 Ng6 14. Nhf5 Nf6
15. Qd2 Rfe8 16. Bxf6 Qxf6 17. Nh5 Qd8 18. Nhxg7 Rf8 19. Nh5 f6 20. Qh6 Rf7 21.
Rad1 Qf8 22. Rd3 Kh8 23. Rh3 Qxh6 24. Nxh6 Re7 25. Nxf6 Kg7 26. Nfg4 Rd7 27.
Nf5+ Kh8 28. Rd1 Nf4 29. Rh6 Ne2+ 30. Kh1 Nxc3 31. Re1 Nxa2 32. Nh4 Nb4 33. Rc1
Bd4 34. Nf3 Bc5 35. Ng5 a6 36. Rc3 Rg7 37. Nf6 Rf8 38. Ngxh7 Re7 39. Rg3 Rxf6
40. Nxf6+ Rh7 41. Rxh7# 1-0

[Event "Championnat de France des Jeunes - Pupi"]
[Site "LA ROCHE SUR YON"]
[Date "2008.04.21"]
[Round "3.6"]
[White "Sarafian, Thomas"]
[Black "Tassel, Pierre"]
[Result "1/2-1/2"]
[WhiteElo "1830"]
[BlackElo "1711"]
[Annotator "Salaun,Michel"]
[PlyCount "59"]
[EventDate "2008.04.24"]
[EventType "swiss"]
[EventRounds "6"]
[EventCountry "FRA"]

1. e4 c5 2. Nf3 e6 3. d4 cxd4 4. Nxd4 a6 5. Nc3 Qc7 6. Bd3 Bc5 7. Nde2 Nf6 8.
h3 d6 9. O-O Nbd7 10. Kh1 b5 11. Ng1 Bb7 12. f4 b4 13. Nb1 Nxe4 14. Bxe4 Bxe4
15. Nd2 Bg6 16. Qf3 O-O 17. c3 Bxg1 18. Kxg1 bxc3 19. bxc3 Rac8 20. Bb2 Nc5 21.
Rad1 Qb6 22. Ba1 Na4+ 23. Kh1 Qc6 24. Qg4 f5 25. Qh4 d5 26. Nf3 Nc5 27. Ne5 Qe8
28. c4 dxc4 29. Nxc4 Ne4 30. Nd6 {(=)} 1/2-1/2

[Event "Championnat de France des Jeunes - Pupi"]
[Site "LA ROCHE SUR YON"]
[Date "2008.04.21"]
[Round "3.7"]
[White "Gelas, Christophe"]
[Black "Bach, Anatole"]
[Result "1-0"]
[WhiteElo "1813"]
[BlackElo "1660"]
[Annotator "Salaun,Michel"]
[PlyCount "53"]
[EventDate "2008.04.24"]
[EventType "swiss"]
[EventRounds "6"]
[EventCountry "FRA"]

1. d4 f5 2. Nf3 Nf6 3. g3 g6 4. Bg2 Bg7 5. O-O O-O 6. c3 d6 7. Nbd2 Qe8 8. Re1
h6 9. e4 fxe4 10. Nxe4 Nxe4 11. Rxe4 Bf5 12. Re1 Qf7 13. Qb3 Qxb3 14. axb3 e6
15. Nh4 c6 16. Nxf5 exf5 17. Re6 Rf6 18. Rxf6 Bxf6 19. Bxh6 g5 20. f4 g4 21.
Re1 Kf7 22. d5 c5 23. Re6 Nd7 24. Rxd6 Rd8 25. h4 b6 26. Bf1 Nb8 27. Rxf6+ 1-0